Formas de lucha de la clase obrera y organizaciones políticas en la Argentina de los '30 /
Gardado en:
| Autor Principal: | |
|---|---|
| Formato: | Texto |
| Etiquetas: |
Engadir etiqueta
Sen Etiquetas, Sexa o primeiro en etiquetar este rexistro!
|
MARC
| LEADER | 00000 a a2200000 04500 | ||
|---|---|---|---|
| 001 | 12646 | ||
| 003 | |||
| 040 | |||
| 100 | |a Carrera, Nicolás Iñigo | ||
| 245 | |a Formas de lucha de la clase obrera y organizaciones políticas en la Argentina de los '30 / |c Nicolás Iñigo Carrera | ||
| 773 | |g volumen 2, número 2 (12); páginas 67-101 | ||
| 999 | |c 31776 |d 31776 | ||
